000 00792nam a2200301 a 4500
001 8356
003 BD-JhCC
005 20231030074140.0
008 180222s1973 nyua b 001 0 engdd
020 _a0070038236
035 _a(D-JhCC)8356
035 _a(OCoLC)00482470
035 _aGLIS00000748
040 _aBD-JhCC
_dBD-JhCC
041 _aeng
050 0 _aQD453.2
_b.B37 1973
082 _bBAR 1961
099 _aQD453.2.B37 1973
100 1 _aBarrow, Gordon M.
245 1 0 _aPhysical chemistry /
_cGordon M. Barrow.
250 _a3d ed.
260 _aNew York,
_bMcGraw-Hill
_c[1973]
300 _axvi, 694 p.
_billus.
_c24 cm.
504 _aIncludes bibliographical references.
650 0 _aChemistry, Physical and theoretical.
942 _2ddc
_cBK
999 _c8356
_d8356